zpět

Detail výsledku týmu

Mezzanine, Brno

Datum a čas kvízu

16 Celkem bodů Celkový počet nahraných bodů na tomto kvízu bez doplňovacích otázek.
7. Pořadí na kvízu Konečné umístění týmu na tomto kvízu.

Zaznamenané odpovědi

# Otázka Odpověď Body Výsledky
1. Až na jih Moravy se zatoulal p... D) pelikán 0
2. Český řidič kamionu v pondělí... B) do běžkařské stopy 0
3. Britská kapela, která byla zal... Black Sabbath 0
4. Vláda jednoho jihoevropského s... o Chorvatsku 0
5. Která tenistka v pondělí na so... Petra Kvitová 1
6. Kterým podstatným jménem se oz... bakteriofágy/fágy 1
7. Který zvířecí přívlastek získa... prasečí 0
8. Přiřaďte viry k onemocněním, k... 1A 2B 3C 4D 1
9. Viry mají svou genetickou info... U (uracil) 0
10. Pandemie smrtících virů jsou v... May 0